Electronic fundamentals and applications (Record no. 5376)

MARC details
000 -LEADER
fixed length control field 00478nam a2200157Ia 4500
003 - CONTROL NUMBER IDENTIFIER
control field SGT
082 ## - DEWEY DECIMAL CLASSIFICATION NUMBER
Classification number 621.381
Item number RYD
100 ## - MAIN ENTRY--PERSONAL NAME
Personal name Ryder,john D
245 ## - TITLE STATEMENT
Title Electronic fundamentals and applications
250 ## - EDITION STATEMENT
Edition statement 3rd Ed.
260 ## - PUBLICATION, DISTRIBUTION, ETC. (IMPRINT)
Name of publisher, distributor, etc PHI Learning Private Limited
Place of publication, distribution, etc New Delhi
Year of Publication 1964
300 ## - PAGE DESCRIPTION
No. of Pages 692p.
650 ## - SUBJECT ADDED ENTRY--TOPICAL TERM
Topical term or geographic name as entry element APPLIED PHYSICS
653 ## - KEYWORDS--INDEX TERM
Keyword term BEHVIOR OF CHARGED PARTICLES IN FIELDS,THE CATHODE-RAY TUBE,POWER SUPPLIES AND FILTERS,CONTROL DEVICES TRANSISTOR
942 ## - ADDED ENTRY ELEMENTS (KOHA)
Source of classification or shelving scheme Dewey Decimal Classification
Koha item type Books
Holdings
Withdrawn status Lost status Source of classification or shelving scheme Damaged status Not for loan Home library Current library Date acquired SGTU Full call number Accession No. (Barcode) Date last seen Bill Date Koha item type
    Dewey Decimal Classification     SGT Engineering Library SGT Engineering Library 16/10/2011 SGTU 621.381 RYD FE4270 09/02/2015 09/02/2015 Gifted Books